000 00835nja a2200205 a 4500
003 BLK
005 20180422124047.0
008 180414c bul|r|ner|||| 00| c0bul d
010 _aNOT00003072130
040 _aBLK
100 1 _aХристов, Добри Лазаров
_eпърви автор
_9376372
700 1 _aСимеонов, Трайко
_eтекст
_gСимеонов, Трифон Стоянов
_9367526
245 1 0 _aПесен на елхата
_bКоледна с танц
_cДобри Лазаров Христов; текст Трайко Симеонов.
257 _aBGR
380 _a7
773 _0315112
_9667894
_aХристов, Добри Лазаров
_tГодината в песни
852 _aЦб М ІІ 11784
942 _cNOT
_n0
944 _aCR
_c14.01.2010
_kИрена_Линкова
944 _aED
_c12.11.2014
_kВиолета_Тройчева
999 _c315242
_d315242